000 00335nam a2200133Ia 4500
008 240624s9999 xx 000 0 und d
041 _aeng
082 _a658.4033 PAY
100 _aPAYNE GEOFF
245 _aTEACHING QUANTITATIVE METHODS GETTING TH
260 _c2011
_aLondon
_bSage
300 _axii, 187 p.; 23 cm.
365 _c
_b35
999 _c31522
_d31522